[Event "Medellin de La Raza U2000 op"]
[Site "Medellin"]
[Date "2023.10.14"]
[Round "4"]
[White "Garces Rivera, Juliana Andrea"]
[Black "Zapata Sanchez, Harvey Antonio"]
[Result "0-1"]
[WhiteElo "1510"]
[BlackElo "1252"]
[PlyCount "22"]
[EventDate "2023.10.12"]
[EventType "swiss"]
[EventRounds "9"]
[EventCountry "COL"]
[SourceTitle "Mega2024 Update 01"]
[Source "Chessbase"]
[SourceDate "2023.11.12"]
[SourceVersion "1"]
[SourceVersionDate "2023.11.12"]
[SourceQuality "1"]

1. d4 Nf6 2. Bf4 g6 3. c3 Bg7 4. Nf3 0-0 5. e3 d6 6. Bc4 Nbd7 7. Nbd2 Qe8 8. 0-0 Nh5 9. Re1 e5 10. Bg5 h6 11. Bh4 e4 0-1

[Event "Medellin de La Raza U2000 op"]
[Site "Medellin"]
[Date "2023.10.12"]
[Round "1"]
[White "Zapata Sanchez, Harvey Antonio"]
[Black "Longas, Edgar"]
[Result "0-1"]
[WhiteElo "1252"]
[BlackElo "1716"]
[PlyCount "96"]
[EventDate "2023.10.12"]
[EventType "swiss"]
[EventRounds "9"]
[EventCountry "COL"]
[SourceTitle "Mega2024 Update 01"]
[Source "Chessbase"]
[SourceDate "2023.11.12"]
[SourceVersion "1"]
[SourceVersionDate "2023.11.12"]
[SourceQuality "1"]

1. e4 c5 2. h3 g6 3. Nf3 Bg7 4. Bc4 e6 5. c3 d5 6. exd5 exd5 7. Bb5+ Bd7 8. Bxd7+ Nxd7 9. 0-0 Ne7 10. Re1 0-0 11. d4 h6 12. Bf4 Re8 13. Qd2 Kh7 14. Na3 a6 15. Nc2 c4 16. Re2 Nf6 17. Rae1 Ne4 18. Qc1 Nc6 19. Ne5 Nxe5 20. dxe5 Nc5 21. Qe3 Nd3 22. Rb1 Bxe5 23. Bxe5 Rxe5 24. Qd2 Qf6 25. Ne1 Nf4 26. Rxe5 Qxe5 27. Nf3 Qf5 28. Rd1 Rd8 29. Nd4 Qg5 30. g3 Nxh3+ 31. Kg2 Qxd2 32. Rxd2 Ng5 33. f3 Ne6 34. Ne2 Kg7 35. f4 f5 36. Kf3 Kf6 37. b3 b5 38. g4 fxg4+ 39. Kxg4 h5+ 40. Kf3 g5 41. fxg5+ Nxg5+ 42. Kf4 h4 43. Kg4 h3 44. Nf4 Ne4 45. Rh2 Nxc3 46. Rxh3 d4 47. Rh6+ Ke7 48. bxc4 bxc4 0-1

[Event "Medellin Flores op 30th"]
[Site "Medellin"]
[Date "2023.08.06"]
[Round "6"]
[White "Zapata Sanchez, Harvey Antonio"]
[Black "Velez Manco, Carlos Gustavo"]
[Result "0-1"]
[WhiteElo "1500"]
[BlackElo "1692"]
[PlyCount "90"]
[EventDate "2023.08.03"]
[EventType "swiss"]
[EventRounds "9"]
[EventCountry "COL"]
[SourceTitle "EXT 2024"]
[Source "ChessBase"]
[SourceDate "2023.10.10"]
[SourceVersion "1"]
[SourceVersionDate "2023.10.10"]
[SourceQuality "1"]

1. d4 Nf6 2. Bf4 g6 3. Nc3 Bg7 4. e4 d6 5. Qd2 0-0 6. Bh6 a6 7. 0-0-0 b5 8. f3 b4 9. Nce2 a5 10. h4 Na6 11. h5 e5 12. hxg6 fxg6 13. Bxg7 Kxg7 14. dxe5 Ng8 15. exd6 cxd6 16. Qd5 Rb8 17. e5 Bb7 18. Qd4 Qg5+ 19. f4 Qf5 20. exd6+ Nf6 21. Ng3 Qd5 22. Qxf6+ Rxf6 23. Rxd5 Bxd5 24. Bxa6 Rxf4 25. d7 Rd8 26. Bc8 Bxg2 27. Rh2 Bc6 28. Rd2 Rf7 29. N1e2 Bxd7 30. Ba6 Re8 31. b3 Re5 32. Kb2 h5 33. Nd4 h4 34. Nh1 g5 35. Bd3 g4 36. Rh2 h3 37. Ng3 Kh6 38. Re2 Rxe2 39. Ndxe2 Bc6 40. Nd4 Bd5 41. c4 bxc3+ 42. Kxc3 Kg5 43. Bc4 Bxc4 44. bxc4 Kh4 45. Nde2 Rf3+ 0-1